书目信息 |
| 题名: |
怪诞艺术美学
|
|
| 作者: | 刘法民 著 | |
| 分册: | ||
| 出版信息: | 北京 人民出版社 2005 |
|
| 页数: | 329页 | |
| 开本: | 23cm | |
| 丛书名: | ||
| 单 册: | ||
| 中图分类: | J01 | |
| 科图分类: | ||
| 主题词: | 艺术美学 | |
| 电子资源: | ||
| ISBN: | 7--01-005353-7 | |
| 000 | 00584nam0 2200217 450 | |
| 001 | TS2006045598 | |
| 005 | 20061205144016.00 | |
| 010 | @a7--01-005353-7@dCNY42.00 | |
| 100 | @a20060829d2005 em y0chiy0120 ea | |
| 101 | 0 | @achi |
| 102 | @aCN@b110000 | |
| 105 | @aa a 000yy | |
| 200 | 1 | @a怪诞艺术美学@AGuai Dan Yi Shu Mei Xue@f刘法民著@FLiu Fa Min Zhu |
| 210 | @a北京@c人民出版社@d2005 | |
| 215 | @a329页@c图@d23cm | |
| 320 | @a有书目 | |
| 606 | 0 | @a艺术美学 |
| 690 | @aJ01@v4 | |
| 701 | 0 | @a刘法民@ALiu Fa Min@4著 |
| 801 | 0 | @aCN@b中图数据@c20061205 |
| 905 | @a10447@dJ01@e165 | |
| 怪诞艺术美学/刘法民著.-北京:人民出版社,2005 |
| 329页:图;23cm |
| ISBN 7--01-005353-7:CNY42.00 |
| ● |
| 相关链接 |
|
|
|
|
正题名:怪诞艺术美学
索取号:J01/165
 
预约/预借
| 序号 | 登录号 | 条形码 | 馆藏地/架位号 | 状态 | 备注 |
| 1 | 0603496 | 206034968 | 第一样本阅览室/ [索取号:J01/165] | 在馆 | |
| 2 | 0603497 | 206034977 | 第一借阅区/ [索取号:J01/165] | 在馆 | |
| 3 | 0603498 | 206034986 | 第一借阅区/ [索取号:J01/165] | 在馆 | |
| 4 | 0603499 | 206034995 | 第一借阅区/ [索取号:J01/165] | 在馆 | |
| 5 | 0603500 | 206035002 | 第一借阅区/ [索取号:J01/165] | 在馆 |